Представление документа в формате RUSMARC

ПолеНазваниеЗначение
  Тип записи l
  Библиографический уровень m
001 Контрольный номер DONNUET/MAIN/cbe52bc050c941999a95b1607e6efbb8
005 Дата корректировки 20260529130208.1
010 Индекс ISBN __
a ISBN 978-5-7186-2193-8
101 Язык документа 0_
a Язык текста rus
102 Страна публикации __
a Страна публикации RU
181 Поле кодированных данных: вид содержания _0
a Код вида содержания (ISBD) i
182 Поле кодированных данных: тип средства _0
a Код типа средства (ISBD) b
200 Заглавие и сведения об ответственности 1_
a Заглавие Управление человеческими ресурсами: методика преподавания в вузе
e Сведения, относящиеся к заглавию учебно-методическое пособие
f Первые сведения об ответственности Т.Ю. Основина
g Последующие сведения об ответственности Министерство просвещения Российской Федерации Нижнетагильский государственный социально-педагогический институт (филиал) федерального государственного автономного образовательного учреждения высшего образования «Российский государственный профессионально-педагогический университет», Уральский государственный педагогический университет
203 Вид содержания и тип средства __
a Вид содержания Текст
c Тип средства электронный
210 Выходные данные 1_
a Место издания Екатеринбург
c Издательство УрГПУ
d Дата издания 2023
215 Физическое описание __
a Объем 113 с.
337 Примечание о системных требованиях (электронные ресурсы) __
a Примечание о системных требованиях (электронные ресурсы) Интернет-ресурсы свободного доступа
337 Примечание о системных требованиях (электронные ресурсы) __
a Примечание о системных требованиях (электронные ресурсы) URL: http://elibrary.donnuet.ru:54041/megapro/Download/ToView/40750
337 Примечание о системных требованиях (электронные ресурсы) __
a Примечание о системных требованиях (электронные ресурсы) Режим доступа: Электронная библиотека ДОННУЭТ
610 Ключевые слова 0_
a Ключевые слова управление человеческими ресурсами
700 Автор _1
a Фамилия Основина
b Имя Т.Ю.
4 Код отношения 070
711 Наименование организации. (Альтернативная ответственность) 02
a Организация/ юрисдикция Нижнетагильский государственный социально-педагогический институт (филиал) федерального государственного автономного образовательного учреждения высшего образования «Российский государственный профессионально-педагогический университет»
711 Наименование организации. (Альтернативная ответственность) 02
a Организация/ юрисдикция Уральский государственный педагогический университет
801 Источник записи _1
a Страна RU
b Организация DONNUET
g Правила каталогизации PSBO
852 Данные о местонахождении __
a Наименование организации Научная библиотека ДОННУЭТ
900 Электронные ресурсы __
a Имя электронного ресурса Основина Т. Ю. Управление человеческими ресурсами методика преподавания в вузе учебно-методическое пособие 2023
901 Тип документа __
t Тип документа m
905 Дата создания БЗ __
a Дата создания БЗ 20260529
b Логин сотрудника, создавшего запись Prohorenko
952 Тип литературы __
a Тип литературы для КСУ ВШ УМПЭ
a Тип литературы для КСУ ВШ РЯ
c Вид литературы учебно-методическое издание